| 000 | 00845cam a22002775a 4500 | ||
|---|---|---|---|
| 001 | 12354344 | ||
| 005 | 20150531143735.0 | ||
| 008 | 010321r20022001enkadk frb f001 0 eng d | ||
| 020 | _a0198775830 | ||
| 020 | _a0198296851 (pbk.) | ||
| 020 | _a9780198775836 | ||
| 040 |
_aUKM _cUKM _dDLC |
||
| 082 | 0 | 0 |
_a339 _222 _bFAV |
| 100 | 1 |
_aFavero, Carlo A. _938099 |
|
| 245 | 1 | 0 |
_aApplied macroeconometrics / _cCarlo A. Favero. |
| 260 |
_aOxford ; _aNew York : _bOxford University Press, _c2002. |
||
| 300 |
_axi, 282 p. : _bcharts, forms, tables ; _c25 cm. |
||
| 500 | _aReprint of the 2001 ed. | ||
| 504 | _aIncludes bibliographical references and index. | ||
| 650 | 0 |
_aMacroeconomics _xMethodology. _2BUEsh |
|
| 650 | 0 |
_aEconometrics. _2BUEsh |
|
| 651 | _2BUEsh | ||
| 653 |
_bBUSECO _cMay2015 |
||
| 655 |
_vreading book _934232 |
||
| 942 | _2ddc | ||
| 999 |
_c19469 _d19441 |
||